| 000 | 00747nam a22001817a 4500 | ||
|---|---|---|---|
| 008 | 130926t sp||||| |||| 00| 0 spa d | ||
| 020 | _a8475098398 | ||
| 050 | 0 | 4 |
_aHV6626 _bA83 1992 |
| 245 | 0 | 3 |
_aLa Atención al niño maltratado : _bPolítica pública y práctica profesional _cOlive Stevenson (comp.)....[ et al. ]. |
| 260 |
_aBarcelona, Espána : _bPaidós, _c1992 |
||
| 300 |
_a231 p. _c22 cm. |
||
| 440 | 0 |
_aBiblioteca de psiquiatría, psicopatología y psicosomática. _nNo. 121 |
|
| 500 | _aTraducción de : Child abuse. Professional practice and public policy | ||
| 504 |
_aIncluye bibliografía e índice _bp. 213-224 |
||
| 650 | 4 |
_aAbuso infantil _xPsiquiatría |
|
| 700 | 1 | _aStevenson, Olive, (comp.)....[ et al. ]. | |
| 942 |
_2ddc _cLIB |
||
| 999 |
_c42167 _d42167 |
||